zpět

Detail výsledku týmu

Retro, Zlín

Datum a čas kvízu

28.5 Celkem bodů Celkový počet nahraných bodů na tomto kvízu bez doplňovacích otázek.
5. Pořadí na kvízu Konečné umístění týmu na tomto kvízu.

Zaznamenané odpovědi

# Otázka Odpověď Body Výsledky
1. Který sběratelský předmět byl... poštovní známka 1
2. V úterý se v jisté evropské mo... Španělsko, princezna Leonor 0
3. Ve čtvrtek měla premiéru horor... Přišla v noci 0
4. Minulý týden otevřel jistý ame... Popeye's 1
5. Minulý týden proběhlo předáván... Novak Djoković 1
-14. O které významné ženě 18. stol... o Marii Antoinettě 0
-13. Ze dřeva kterého stromu bývají... z dubového dřeva 1
-14. Jak se v antické mytologii jme... Dionýsos 1
-11. Seřaďte státy níže podle množs... 1C 2A 3D 4B 0
-10. Snaha zabránit plýtvání při zp... grappa 0